Movies Quiz

Random Movies or Clickable Quiz

Actor-Director Name Flip Quiz Stats

 Plays Quiz Updated Sep 5, 2015

Score 0/25 Timer 03:00
1 Play Today
% Correct
Martin DiCaprio
96.5%
Quentin Thurman
96.5%
Tim Depp
94.4%
Mike Streep
93.7%
Ron Hanks
93.4%
Alfred Grant
93.4%
Joel Clooney
93.3%
Oliver Sheen
90.9%
Paul Thomas Hoffman
89.9%
Steven Ford
89.3%
Sofia Dunst
88.4%
Mel Wilder
88.2%
Spike Turturro
85.1%
% Correct
Steven Damon
85.1%
David Mortensen
82.7%
Steve Fassbender
82%
Nora Ryan
80.6%
John Fonda
79.2%
Wes Murray
77.5%
Billy Lemmon
73.5%
Frank Stewart
69.9%
Robert Lloyd
67.8%
David O. Lawrence
67.3%
Terry Palin
66.7%
David MacLachlan
64.1%

You're not logged in!

Compare scores with friends on all Sporcle quizzes.
OR
Log In

You Might Also Like...

Show Comments

Extras

Top Quizzes Today


Score Distribution

Your Account Isn't Verified!

In order to create a playlist on Sporcle, you need to verify the email address you used during registration. Go to your Sporcle Settings to finish the process.

Report this User

Report this user for behavior that violates our Community Guidelines.

Details: